| 000 | 01500nam a2200385Ia 4500 | ||
|---|---|---|---|
| 001 | DIGANR0257 | ||
| 006 | m d | ||
| 007 | cr ||||||||||| | ||
| 008 | 100325s2003 sp a b 000 0 spa d | ||
| 035 | _a(OCoLC)1335126532 | ||
| 040 |
_aDGITA _beng _epn _cDGITA |
||
| 245 | 0 | 0 |
_aCornelius Castoriadis : _bla pluralidad de los imaginarios sociales de la modernidad. |
| 246 | 1 | 8 | _aCornelius Castoriadis: imaginarios sociales |
| 264 | 1 |
_aRubi (Barcelona) : _bAnthropos Editorial, _c2003. |
|
| 300 |
_a1 online resource (224 p.) : _billustrations, portraits. |
||
| 336 |
_atext _btxt _2rdacontent |
||
| 337 |
_acomputer _bc _2rdamedia |
||
| 338 |
_aonline resource _bcr _2rdacarrier |
||
| 490 | 1 |
_aRevista anthropos: huellas del conocimiento, _x11373636 ; _v198. |
|
| 500 | _aCover title. | ||
| 500 | _a"N.° 198, 2003" --P. [2] of cover. | ||
| 500 | _a"Coordinador: Celso Sánchez Capdequí" | ||
| 504 | _aIncludes bibliographical references. | ||
| 600 | 1 | 0 |
_aCastoriadis, Cornelius, _d1922-1997. |
| 650 | 0 |
_aPhilosophers, Modern _vBiography _y20th century. |
|
| 650 | 0 | _aPhilosophy. | |
| 655 | 7 |
_aPeriodicals. _2lcgft |
|
| 700 | 1 |
_aCastoriadis, Cornelius, _d1922-1997. |
|
| 700 | 1 | _aSánchez Capdequí, Celso. | |
| 791 | 2 |
_aDigitalia (Firm), _edistributor. |
|
| 793 | 0 |
_gDigitalia e-journal Collection: _aAnthropos |
|
| 830 | 0 |
_aRevista anthropos (Barcelona, Spain) ; _v198. |
|
| 856 | 4 | 0 |
_3Digitalia Hispánica _uhttps://www.digitaliapublishing.com/a/3752/ |
| 942 | _cRAA | ||
| 999 |
_c230701 _d230701 |
||